LEADER 00942nam 2200253la 450 001 9910482848203321 005 20221102152905.0 035 $a(UK-CbPIL)2090317744 035 $a(CKB)5500000000094692 035 $a(EXLCZ)995500000000094692 100 $a20221102d1596 uy | 101 0 $adan 135 $aurcn||||a|bb| 200 10$aHistoriske Beskriffuelse om hues sig haffuer tildragit vnder Kong Christiern den Anden ..., Arrild Huitfeldt 210 $aCopenhagen $cMads Vingaard$d1596 215 $aOnline resource ([24], 340, [20] s.) 300 $aReproduction of original in Det Kongelige Bibliotek / The Royal Library (Copenhagen). 700 $aHuitfeldt$b Arild$f1546-1609.$0854816 801 0$bUk-CbPIL 801 1$bUk-CbPIL 906 $aBOOK 912 $a9910482848203321 996 $aHistoriske Beskriffuelse om hues sig haffuer tildragit vnder Kong Christiern den Anden ..., Arrild Huitfeldt$92027719 997 $aUNINA